Three Word TV Titles (1990s) Quiz Stats

 Plays Quiz Updated Nov 19, 2014

Challenge
Share
Tweet
Score 0/25 Timer 04:00
1 Play Today
% Correct
Everybody
98.7%
Beverly
97.6%
That
97.3%
Boy
95.5%
Law
95.4%
Freaks
95.1%
Xena
94.2%
Will
93.8%
Star
93.7%
Walker
92.9%
Dharma
89.5%
Mad
88.7%
The
88.2%
% Correct
Step
85.7%
Party
83%
La
82.5%
The
82.2%
Ready
81.3%
Just
80.3%
Grace
80.1%
In
80.1%
Tiny
79.4%
Rocko's
73.6%
The
71.9%
Once
70%

You're not logged in!

Compare scores with friends on all Sporcle quizzes.
OR
Log In

You Might Also Like...

Show Comments

Extras

Top Quizzes Today


Score Distribution

Your Account Isn't Verified!

In order to create a playlist on Sporcle, you need to verify the email address you used during registration. Go to your Sporcle Settings to finish the process.

Report this User

Report this user for behavior that violates our Community Guidelines.

Details: